[Event "ITA-ch sf 82nd"]
[Site "Villesse"]
[Date "2023.07.15"]
[Round "1"]
[White "Pennica, Andrea"]
[Black "Lettieri, Giuseppe"]
[Result "0-1"]
[WhiteElo "2108"]
[BlackElo "2379"]
[PlyCount "76"]
[EventDate "2023.07.15"]
[EventType "swiss"]
[EventRounds "9"]
[EventCountry "ITA"]
[SourceTitle "CBM 215 Extra"]
[Source "ChessBase"]
[SourceDate "2023.09.30"]
[SourceVersion "1"]
[SourceVersionDate "2023.09.30"]
[SourceQuality "1"]

1. d4 Nf6 2. c4 e6 3. Nc3 Bb4 4. e3 0-0 5. Nge2 Re8 6. a3 Bf8 7. Nf4 d6 8. Be2 Nbd7 9. 0-0 a5 10. b3 e5 11. Nfd5 Nxd5 12. Nxd5 c6 13. Nc3 g6 14. Bb2 Bg7 15. Ne4 exd4 16. Nxd6 d3 17. Bxg7 dxe2 18. Qxe2 Re6 19. Rad1 Kxg7 20. Qg4 Qf8 21. Nf5+ Kg8 22. Qg5 f6 23. Qg3 Ne5 24. Nd4 Re8 25. f4 Ng4 26. f5 Nxe3 27. fxg6 Nxf1 28. Rxf1 Qc5 29. Qh4 Qe7 30. gxh7+ Kh8 31. Ne2 Qe3+ 32. Kh1 Qg5 33. Qd4 Rxe2 34. Qd8+ Kxh7 35. Qd3+ Qg6 36. Qxe2 Bf5 37. Qe7+ Kh8 38. Rf4 Re8 0-1

[Event "ITA-ch 81st"]
[Site "Cagliari"]
[Date "2022.11.20"]
[Round "8"]
[White "Lettieri, Giuseppe"]
[Black "David, Alberto"]
[Result "1/2-1/2"]
[WhiteElo "2427"]
[BlackElo "2517"]
[PlyCount "53"]
[EventDate "2022.11.12"]
[EventType "tourn"]
[EventRounds "11"]
[EventCountry "ITA"]
[EventCategory "9"]
[SourceTitle "CBM 211 Extra"]
[Source "ChessBase"]
[SourceDate "2023.01.31"]
[SourceVersion "1"]
[SourceVersionDate "2023.01.31"]
[SourceQuality "1"]

1. Nf3 d5 2. g3 Nf6 3. Bg2 g6 4. 0-0 Bg7 5. d4 0-0 6. c4 dxc4 7. Na3 c3 8. bxc3 c5 9. Bb2 Nc6 10. Re1 cxd4 11. cxd4 Qb6 12. Nc4 Qa6 13. Ncd2 e5 14. Nxe5 Nxe5 15. dxe5 Ng4 16. Nf3 Qa5 17. Qb3 Nxe5 18. Nxe5 Bxe5 19. Bxe5 Qxe5 20. Bxb7 Rb8 21. Qd5 Qe7 22. Bxc8 Rfxc8 23. Rad1 Rd8 24. Qc4 Rdc8 25. Qd5 Rd8 26. Qc4 Rdc8 27. Qd5 1/2-1/2

[Event "Budapest Vezerkepzo GM 10"]
[Site "Budapest"]
[Date "2022.10.20"]
[Round "8"]
[White "Lettieri, Giuseppe"]
[Black "Aizenberg, Benny"]
[Result "0-1"]
[WhiteElo "2442"]
[BlackElo "2379"]
[PlyCount "62"]
[EventDate "2022.10.13"]
[EventType "tourn"]
[EventRounds "9"]
[EventCountry "HUN"]
[EventCategory "7"]
[SourceTitle "CBM 210 Extra"]
[Source "ChessBase"]
[SourceDate "2022.11.30"]
[SourceVersion "1"]
[SourceVersionDate "2022.11.30"]
[SourceQuality "1"]

1. d4 Nf6 2. c4 c5 3. d5 b5 4. cxb5 a6 5. bxa6 g6 6. Nc3 Bg7 7. e4 0-0 8. a7 Rxa7 9. Nf3 d6 10. Be2 Ba6 11. 0-0 Qb6 12. a4 Nbd7 13. Nd2 Qb4 14. Ra3 Bxe2 15. Qxe2 Rfa8 16. Rb3 Qa5 17. Nc4 Qa6 18. Nb5 Rb7 19. Bd2 Nb6 20. Na5 Rd7 21. Ra1 Re8 22. Nc6 Nxa4 23. Kf1 Rb7 24. Na5 c4 25. Qxc4 Nc5 26. Rb4 Reb8 27. e5 Nfd7 28. e6 fxe6 29. Qe2 Rxb5 30. Nb3 Qb6 31. Nxc5 Nxc5 0-1

[Event "Budapest Vezerkepzo GM 10"]
[Site "Budapest"]
[Date "2022.10.17"]
[Round "5"]
[White "Varga, Zoltan"]
[Black "Lettieri, Giuseppe"]
[Result "0-1"]
[WhiteElo "2401"]
[BlackElo "2442"]
[PlyCount "122"]
[EventDate "2022.10.13"]
[EventType "tourn"]
[EventRounds "9"]
[EventCountry "HUN"]
[EventCategory "7"]
[SourceTitle "CBM 210 Extra"]
[Source "ChessBase"]
[SourceDate "2022.11.30"]
[SourceVersion "1"]
[SourceVersionDate "2022.11.30"]
[SourceQuality "1"]

1. c4 e5 2. Nc3 Nf6 3. Nf3 Nc6 4. d4 exd4 5. Nxd4 Bb4 6. Bg5 h6 7. Bh4 Bxc3+ 8. bxc3 Ne5 9. e3 Ng6 10. Bg3 Ne4 11. Bd3 Nxg3 12. hxg3 Ne5 13. Be2 d6 14. f4 Nd7 15. g4 Nc5 16. Bf3 Qe7 17. Kf2 Be6 18. Rb1 0-0 19. Bxb7 Rae8 20. Rh3 Bxc4 21. Nf5 Qf6 22. Bc6 Rb8 23. e4 Rxb1 24. Qxb1 g6 25. Nxh6+ Kg7 26. Qc1 d5 27. Bxd5 Nd3+ 28. Rxd3 Bxd3 29. g5 Qb6+ 30. Kf3 c6 31. Bb3 Qc5 32. Ng4 Bc4 33. Qd2 Rb8 34. Bxc4 Qxc4 35. Ne5 Qf1+ 36. Kg3 Rb1 37. Nf3 Qd1 38. Qf2 Qd3 39. e5 Rb6 40. Qc5 Qd5 41. Qe7 Rb2 42. Qf6+ Kg8 43. c4 Qe6 44. Qd8+ Kh7 45. a4 Qxc4 46. Qd7 Rb4 47. Nd4 Qd5 48. Qh3+ Kg7 49. Nf5+ gxf5 50. Qh6+ Kg8 51. g6 Rb3+ 52. Kh2 fxg6 53. Qxg6+ Kf8 54. e6 Ke7 55. Qf7+ Kd6 56. Qd7+ Kc5 57. Qxa7+ Kc4 58. Qa6+ Kc3 59. e7 Rb2 60. Qf1 Qe4 61. Qc1+ Kb3 0-1

[Event "Titled Tuesday intern op 12th Jul Late"]
[Site "Chess.com INT"]
[Date "2022.07.12"]
[Round "6"]
[White "Lettieri, Giuseppe"]
[Black "Melikyan, Gnel"]
[Result "1-0"]
[WhiteElo "2449"]
[BlackElo "2140"]
[PlyCount "83"]
[EventDate "2022.07.12"]
[EventType "swiss (blitz)"]
[EventRounds "11"]
[EventCountry "USA"]
[SourceTitle "EXT 2023"]
[Source "ChessBase"]
[SourceDate "2022.10.05"]
[SourceVersion "1"]
[SourceVersionDate "2022.10.05"]
[SourceQuality "1"]

1. Nf3 Nf6 2. g3 g6 3. Bg2 Bg7 4. 0-0 0-0 5. d4 d6 6. b3 c5 7. Bb2 cxd4 8. Nxd4 a6 9. c4 Qc7 10. Nc3 Nc6 11. Rc1 Nxd4 12. Qxd4 Be6 13. Qd3 Rab8 14. Rfd1 Rfc8 15. e4 Qa5 16. Nd5 Bxd5 17. exd5 Qxa2 18. Bd4 Qa5 19. Re1 Re8 20. Ra1 Qc7 21. b4 Nd7 22. Bxg7 Kxg7 23. Qd4+ f6 24. Rac1 b6 25. Bh3 a5 26. Bxd7 Qxd7 27. Rb1 Rec8 28. Re4 axb4 29. Rxb4 b5 30. Qe3 Re8 31. cxb5 Rxb5 32. Rxb5 Qxb5 33. Rxe7+ Kf8 34. Re6 Kf7 35. h4 Qb1+ 36. Kh2 Qb5 37. Qa7+ Kg8 38. Rxd6 Qb2 39. Re6 Rxe6 40. dxe6 Qe5 41. Qf7+ Kh8 42. Qf8# 1-0

[Event "ITA-ch Online Qual GpA"]
[Site "Premium Chess Arena INT"]
[Date "2020.11.20"]
[Round "9.4"]
[White "Brunello, Sabino"]
[Black "Lettieri, Giuseppe"]
[Result "1-0"]
[WhiteElo "2519"]
[BlackElo "2436"]
[PlyCount "67"]
[EventDate "2020.11.18"]
[EventType "tourn (rapid)"]
[EventRounds "9"]
[EventCountry "ITA"]
[EventCategory "9"]
[SourceTitle "CBM 199 Extra"]
[Source "ChessBase"]
[SourceDate "2021.01.31"]
[SourceVersion "1"]
[SourceVersionDate "2021.01.31"]
[SourceQuality "1"]

1. d4 Nf6 2. c4 e6 3. Nf3 d5 4. Nc3 Be7 5. Bg5 h6 6. Bh4 0-0 7. e3 Nbd7 8. Rc1 c5 9. cxd5 Nxd5 10. Bxe7 Nxe7 11. Be2 cxd4 12. Nxd4 Ne5 13. 0-0 Bd7 14. Qb3 N7c6 15. Rfd1 Nxd4 16. exd4 Ng6 17. d5 Nf4 18. Bf3 e5 19. Qxb7 f5 20. Ne2 Rb8 21. Qxa7 Nxe2+ 22. Bxe2 Rxb2 23. Bf1 Bb5 24. Qa3 Bxf1 25. Qxb2 Bxg2 26. Kxg2 Qg5+ 27. Kh1 Qf4 28. Qe2 Rd8 29. Qe3 Qh4 30. d6 f4 31. Qxe5 Qxf2 32. Rf1 Qxa2 33. Rc7 Qa8+ 34. Kg1 1-0

[Event "ITA-ch Online Qual GpA"]
[Site "Premium Chess Arena INT"]
[Date "2020.11.20"]
[Round "8.3"]
[White "Lettieri, Giuseppe"]
[Black "Vocaturo, Daniele"]
[Result "1/2-1/2"]
[WhiteElo "2436"]
[BlackElo "2617"]
[PlyCount "62"]
[EventDate "2020.11.18"]
[EventType "tourn (rapid)"]
[EventRounds "9"]
[EventCountry "ITA"]
[EventCategory "9"]
[SourceTitle "CBM 199 Extra"]
[Source "ChessBase"]
[SourceDate "2021.01.31"]
[SourceVersion "1"]
[SourceVersionDate "2021.01.31"]
[SourceQuality "1"]

1. e4 e6 2. d4 d5 3. Nc3 Bb4 4. e5 c5 5. a3 Bxc3+ 6. bxc3 Ne7 7. Nf3 b6 8. a4 Ba6 9. Bb5+ Bxb5 10. axb5 Qd7 11. Rb1 a6 12. bxa6 Qc7 13. Ng5 h6 14. Qh5 0-0 15. Nf3 cxd4 16. 0-0 Qxc3 17. Rb3 Qxc2 18. Nxd4 Qg6 19. Qh4 Qe4 20. Qxe7 Qxd4 21. Rg3 Nc6 22. Qf6 g6 23. Rxg6+ fxg6 24. Qxg6+ Kh8 25. Qxh6+ Kg8 26. Qxe6+ Kh7 27. Qh6+ Kg8 28. Qg6+ Kh8 29. Qh6+ Kg8 30. Qg6+ Kh8 31. Qh6+ Kg8 1/2-1/2

[Event "ITA-ch Online Qual GpA"]
[Site "Premium Chess Arena INT"]
[Date "2020.11.18"]
[Round "1.2"]
[White "Lettieri, Giuseppe"]
[Black "Sonis, Francesco"]
[Result "0-1"]
[WhiteElo "2436"]
[BlackElo "2483"]
[PlyCount "70"]
[EventDate "2020.11.18"]
[EventType "tourn (rapid)"]
[EventRounds "9"]
[EventCountry "ITA"]
[EventCategory "9"]
[SourceTitle "CBM 199 Extra"]
[Source "ChessBase"]
[SourceDate "2021.01.31"]
[SourceVersion "1"]
[SourceVersionDate "2021.01.31"]
[SourceQuality "1"]

1. e4 e6 2. d4 d5 3. Nc3 Nf6 4. e5 Nfd7 5. f4 c5 6. Nf3 Qb6 7. Na4 Qc6 8. Nc3 Qb6 9. Na4 Qc6 10. Nc3 a6 11. Be3 Qb6 12. Na4 Qa5+ 13. c3 cxd4 14. b4 Qc7 15. Bxd4 Nc6 16. Be3 b5 17. Nb2 Ncxe5 18. fxe5 Qxc3+ 19. Bd2 Qxb2 20. Rb1 Qa3 21. Rb3 Qxa2 22. Bd3 a5 23. Bxb5 Bxb4 24. Bxb4 axb4 25. 0-0 Qa7+ 26. Kh1 Ba6 27. Nd4 0-0 28. Rh3 h6 29. Nc6 Qc5 30. Rxh6 gxh6 31. Qh5 Qe3 32. Ne7+ Kg7 33. Rf3 Qc1+ 34. Bf1 Bxf1 35. Rg3+ Kh7 0-1

[Event "Locarno op 5th"]
[Site "Locarno"]
[Date "2020.10.17"]
[Round "3"]
[White "Lettieri, Giuseppe"]
[Black "Mamalis, Prokopios2222"]
[Result "1-0"]
[WhiteElo "2436"]
[BlackElo "1846"]
[PlyCount "69"]
[EventDate "2020.10.16"]
[EventType "swiss"]
[EventRounds "5"]
[EventCountry "SUI"]
[SourceTitle "CBM 198 Extra"]
[Source "ChessBase"]
[SourceDate "2020.11.30"]
[SourceVersion "1"]
[SourceVersionDate "2020.11.30"]
[SourceQuality "1"]

1. d4 e6 2. c4 Nf6 3. Nf3 b6 4. g3 Bb7 5. Bg2 Bb4+ 6. Bd2 c5 7. 0-0 0-0 8. d5 Ne4 9. a3 Bxd2 10. Nfxd2 Nxd2 11. Qxd2 f5 12. f4 Qf6 13. Nc3 e5 14. e4 Na6 15. exf5 Qxf5 16. Ne4 Rab8 17. Nd6 Qf6 18. fxe5 Qxe5 19. Rxf8+ Kxf8 20. Qf2+ Qf5 21. Rf1 Qxf2+ 22. Rxf2+ Kg8 23. Rf7 Bc8 24. Re7 Nc7 25. Bh3 b5 26. Nxc8 Rxc8 27. d6 Na6 28. Bxd7 Rd8 29. cxb5 Nb8 30. Be6+ Kf8 31. Rb7 Ke8 32. Kf2 Kf8 33. Kf3 a6 34. a4 axb5 35. axb5 1-0

[Event "Mendrisio op"]
[Site "Mendrisio"]
[Date "2020.09.13"]
[Round "4"]
[White "Lettieri, Giuseppe"]
[Black "Moroni, Luca Jr"]
[Result "0-1"]
[WhiteElo "2435"]
[BlackElo "2530"]
[PlyCount "82"]
[EventDate "2020.09.11"]
[EventType "swiss"]
[EventRounds "5"]
[EventCountry "SUI"]
[SourceTitle "EXT 2021"]
[Source "ChessBase"]
[SourceDate "2020.10.23"]
[SourceVersion "1"]
[SourceVersionDate "2020.10.23"]
[SourceQuality "1"]

1. e4 e6 2. d4 d5 3. Nc3 Nf6 4. e5 Nfd7 5. f4 c5 6. Nf3 Nc6 7. Be3 Be7 8. Qd2 0-0 9. dxc5 Qa5 10. a3 Bxc5 11. Nd4 Nxd4 12. Bxd4 Rb8 13. Bb5 a6 14. Bxd7 Bxd7 15. Ne2 Qxd2+ 16. Kxd2 Be7 17. a4 Rbc8 18. b3 f6 19. g4 b5 20. axb5 Bxb5 21. Ng3 fxe5 22. Bxe5 d4 23. Rad1 a5 24. Kc1 a4 25. bxa4 Ba3+ 26. Kd2 Bxa4 27. Bxd4 Rxf4 28. Ke3 Rxg4 29. Ra1 Rxd4 30. Kxd4 Bb2+ 31. Ke3 Rc3+ 32. Kf4 Rc4+ 33. Ke3 Rc3+ 34. Kf4 Rc4+ 35. Ke3 Bxa1 36. Rxa1 Bxc2 37. Ra7 Bg6 38. Ne2 Rh4 39. Nf4 Bf5 40. Ra2 Kf7 41. Rg2 Kf6 0-1

[Event "Mendrisio op"]
[Site "Mendrisio"]
[Date "2020.09.13"]
[Round "5"]
[White "Lettieri, Giuseppe"]
[Black "Paleologu, Vladimir"]
[Result "1-0"]
[WhiteElo "2435"]
[BlackElo "2074"]
[PlyCount "41"]
[EventDate "2020.09.11"]
[EventType "swiss"]
[EventRounds "5"]
[EventCountry "SUI"]
[SourceTitle "EXT 2021"]
[Source "ChessBase"]
[SourceDate "2020.10.23"]
[SourceVersion "1"]
[SourceVersionDate "2020.10.23"]
[SourceQuality "1"]

1. d4 Nf6 2. Nf3 e6 3. c4 b6 4. g3 Bb7 5. Bg2 Be7 6. 0-0 0-0 7. Nc3 Ne4 8. Bd2 f5 9. d5 Nxd2 10. Qxd2 Bf6 11. Rad1 e5 12. d6 c6 13. e4 g6 14. Rfe1 Re8 15. exf5 gxf5 16. Bh3 e4 17. Qh6 Bg7 18. Qh5 Re6 19. Ng5 Rh6 20. Qf7+ Kh8 21. Qxf5 1-0

[Event "Titled Tuesday intern op 9th June"]
[Site "Chess.com INT"]
[Date "2020.06.09"]
[Round "2"]
[White "Lettieri, Giuseppe"]
[Black "Melkumyan, Hrant"]
[Result "0-1"]
[WhiteElo "2435"]
[BlackElo "2663"]
[PlyCount "68"]
[EventDate "2020.06.09"]
[EventType "swiss (blitz)"]
[EventRounds "10"]
[EventCountry "USA"]
[SourceTitle "CBM 196 Extra"]
[Source "ChessBase"]
[SourceDate "2020.07.31"]
[SourceVersion "1"]
[SourceVersionDate "2020.07.31"]
[SourceQuality "1"]

1. e4 c6 2. d4 d5 3. e5 Bf5 4. Nf3 e6 5. Be2 Ne7 6. 0-0 Ng6 7. c3 Be7 8. Ne1 c5 9. Be3 Nc6 10. Nd2 cxd4 11. cxd4 h5 12. Bxh5 Qb6 13. Nb3 a5 14. Bxg6 Bxg6 15. Nd3 a4 16. Nbc5 Qb5 17. Nf4 Bf5 18. g4 Bh7 19. Rc1 Qxb2 20. Nxa4 Qxa2 21. Nc5 Qb2 22. Nh5 0-0 23. Nd7 Rfd8 24. Ndf6+ gxf6 25. exf6 Bf8 26. Qf3 Qb3 27. Qf4 Qd3 28. Ng3 Bd6 29. Qh6 Qg6 30. Qh4 Ra3 31. Nh5 e5 32. dxe5 Nxe5 33. Kh1 Qe4+ 34. f3 Qxe3 0-1

[Event "Titled Tuesday intern op 9th June"]
[Site "Chess.com INT"]
[Date "2020.06.09"]
[Round "8"]
[White "Piliposyan, Robert"]
[Black "Lettieri, Giuseppe"]
[Result "0-1"]
[WhiteElo "2199"]
[BlackElo "2435"]
[PlyCount "68"]
[EventDate "2020.06.09"]
[EventType "swiss (blitz)"]
[EventRounds "10"]
[EventCountry "USA"]
[SourceTitle "CBM 196 Extra"]
[Source "ChessBase"]
[SourceDate "2020.07.31"]
[SourceVersion "1"]
[SourceVersionDate "2020.07.31"]
[SourceQuality "1"]

1. d4 Nf6 2. c4 g6 3. Nc3 d5 4. cxd5 Nxd5 5. e4 Nxc3 6. bxc3 Bg7 7. Bc4 c5 8. Ne2 Nc6 9. Be3 0-0 10. 0-0 Bg4 11. f3 Bd7 12. Rb1 Qc7 13. d5 Na5 14. Bd3 e6 15. c4 b5 16. cxb5 c4 17. Bc2 exd5 18. exd5 Rfe8 19. Bf2 c3 20. Nd4 Nc4 21. Nc6 Nd2 22. Re1 Nxb1 23. Qxb1 Rxe1+ 24. Qxe1 Re8 25. Qd1 Qf4 26. Bxa7 Bf5 27. Bxf5 Qxf5 28. Nb4 Bf8 29. Nc2 Rd8 30. Ne3 Qc8 31. Qc2 Bc5 32. Bxc5 Qxc5 33. Kf2 Rxd5 34. Kg3 Qxe3 0-1